2017-18 Preseason AP NCAA Football Top 25 - Statistics

General Stats
  • This quiz has been taken 1,041 times
  • The average score is 19 of 25
Answer Stats
# NCAA Team % Correct
1 Alabama
99%
2 Ohio State
96%
5 Clemson
94%
15 Georgia
94%
17 Florida
93%
11 Michigan
93%
7 Oklahoma
91%
23 Texas
91%
13 LSU
87%
4 USC
87%
3 Florida State
86%
6 Penn State
84%
8 Washington
82%
12 Auburn
79%
25 Tennessee
74%
10 Oklahoma State
73%
9 Wisconsin
73%
18 Miami
72%
21 Virginia Tech
60%
14 Stanford
58%
20 Kansas State
57%
24 Washington State
56%
22 West Virginia
53%
16 Louisville
52%
19 South Florida
35%
No matching quizzes found
Score Distribution
Percent of People with Each Score
Percentile by Number Answered
Your Score History
You have not taken this quiz